Dưới ánh sao = The stars shine down
שמור ב:
| מחבר ראשי: | |
|---|---|
| פורמט: | ספר |
| שפה: | Undetermined |
| יצא לאור: |
Hà Nội
Văn học
1998
|
| נושאים: | |
| תגים: |
הוספת תג
אין תגיות, היה/י הראשונ/ה לתייג את הרשומה!
|
| Thư viện lưu trữ: | Trung tâm Học liệu Trường Đại học Cần Thơ |
|---|
| LEADER | 00526nam a2200181Ia 4500 | ||
|---|---|---|---|
| 001 | CTU_22520 | ||
| 008 | 210402s9999 xx 000 0 und d | ||
| 082 | |a 813.5 | ||
| 082 | |b S544 | ||
| 100 | |a Sidney Sheldon | ||
| 245 | 0 | |a Dưới ánh sao | |
| 245 | 0 | |b = The stars shine down | |
| 245 | 0 | |c Sidney Sheldon | |
| 260 | |a Hà Nội | ||
| 260 | |b Văn học | ||
| 260 | |c 1998 | ||
| 650 | |a american fiction ( vietnamese ),american literature - 20th century | ||
| 980 | |a Trung tâm Học liệu Trường Đại học Cần Thơ | ||